Sử thi - Hápà "P'hùy Canaca" của người Hà Nhì ở Mường tè Lai Châu

Na minha lista:
Detalhes bibliográficos
Autor principal: Bùi Quốc Khánh
Formato: Livro
Idioma:Vietnamese
Publicado em: H. Văn hóa Thông tin 2012
Assuntos:
Tags: Adicionar Tag
Sem tags, seja o primeiro a adicionar uma tag!
Thư viện lưu trữ: Mạng thư viện Đại học Đà Nẵng
LEADER 01367aam a22003738a 4500
001 000018097
003 14524
005 20130906080942.0
008 130906s2012 viesd
020 |d 2000b 
041 0 |a vie 
082 1 4 |2 14  |a 398.209597  |b BU-K 
100 1 |a Bùi Quốc Khánh 
245 1 0 |a Sử thi - Hápà "P'hùy Canaca"  |b của người Hà Nhì ở Mường tè Lai Châu  |c Bùi Quốc Khánh (ch.biên), Pờ Lóng Tơ, Phùng Chiến 
260 |a H.  |b Văn hóa Thông tin  |c 2012 
300 |a 295 tr.  |c 21 cm. 
500 |a ĐTTS ghi: Hội Văn nghệ dân gian Việt Nam 
546 |a Chính văn bằng 2 thứ tiếng: Việt - Ba Na 
600 |1 7 
650 7 |2 Bộ TK TVQG 
650 0 4 |2 Bộ TK TVQG  |a Văn học dân gian  |x Dân tộc Mường tè  |z Việt Nam 
651 7 |2 Bộ TK TVQG  |a Việt Nam 
653 |a Sử thi 
655 7 |2 Bộ TK TVQG  |a Sử thi 
OWN |a LSP 
AVA |a UDN50  |b LSP  |d 398.209597 BU-K  |e available  |t Error 5001 Not defined in file expand_doc_bib_avail.  |f 1  |g 0  |h N  |i 0  |k 1 
999 |a From the UDN01 
AVA |a UDN50  |b LSP  |d 398.209597 BU-K  |e available  |t Error 5001 Not defined in file expand_doc_bib_avail.  |f 1  |g 0  |h N  |i 0  |k 1 
TYP |a Monograph 
TYP |a Printed language 
980 |a Mạng thư viện Đại học Đà Nẵng